000 02732nam a2200301 a 4500
005 20250329165438.0
008 161103s2024 000 0 eng d
040 _aCO-CtgCURN
_bspa
_ccoctgcurn
082 0 _aEST 2024
_bV172
100 1 _aValiente Hernández, Ana María.
245 1 0 _aDiseño de estrategias lúdicas para las intervenciones de la comunidad del programa tecnlogía en estética y cosmetología. /
_cAna María Valiente Hernández; Jennifer Pautt Rivera; Estefanía Duque Gómez; Nathalia Lucia Vega del Toro; Johanna Esther Ramírez Castilla; directora: Deisy Leon Mendez.
260 _aCartagena de Indias, D.T. :
_bCorporación Universitaria "Rafael Nuñez",
_c2024.
300 _a20 hojas.
336 _2rdacontent
337 _2rdamedia
_asin mediacion
_bn
338 _2rdacarrier
_avolumen
_bnc
502 _aTrabajo de grado (Tecnologa en Estética y cosmetología). Corporación Universitaria "Rafael Nuñez" Facultad de Ciencias de la Salud. Programa de Tecnologia en Estética y cosmetología, 2024.
520 _a"La terapia lúdica es un factor instrumentario que beneficia de manera psicológica a los pacientes ayudándolos de manera mental y social, siendo capaz de transformar su ambiente, generando sentimientos de alegría, placer y satisfacción propiciando el desarrollo de las aptitudes, relaciones y sentido de humor de las personas. Es una estrategia psicoterapéutica que produce beneficios emocionales. La actividad lúdica o 'juegos' son actividades divertidas y agradables que elevan nuestro espíritu e iluminan nuestra visión, expanden nuestras habilidades de comunicación, aprendizaje y productividad aliviando el estrés y aburrimiento, conectándonos con el mundo de manera positiva estimulando nuestro pensamiento productivo. El presente proyecto tiene como objetivo describir y dar a conocer los beneficios de la implementación de la terapia lúdica durante la asistencia de pacientes oncológicos y no oncológicos como ejercicio clave y fundamental buscando reforzar conductas saludables a través de prácticas que favorezcan el mejoramiento de una calidad de vida."
650 0 _aEstética y cosmetología
_xTesis y Disertaciones academicas.
700 1 _aPautt Rivera, Jennifer.
700 1 _aDuque Gómez, Estefanía.
700 1 _aVega del Toro, Nathalia Lucia.
700 1 _aRamírez Castilla, Johanna Esther.
700 1 _aLeón Méndez, Deisy del Carmen,
_easesor.
856 _uhttps://unicurn.sharepoint.com/:b:/s/biblioteca/Eerl4jvl12pCmvbziYlplfQB1I11SNJrVvjPafwkR3FuvA?e=kIsTOC
_zDe click aqui para ver el recurso en texto completo
942 _hEST 2024
_iV172
_2ddc
_cTG
999 _c4266
_d4266